Statistiques concernant Bande Organisée - Refrain : JuL & Solda

Cliquez ici pour prendre le quiz!

Statistiques générales

  • Ce quiz a été pris 155 fois
  • Le résultat moyen est 18 sur 32

Statistiques - réponses

% Correct
En
98%
bande
97%
nous
91%
la
89%
la
89%
organisée,
89%
personne
89%
peut
89%
canaliser
86%
Dans
82%
zone,
81%
la fusée,
64%
par
60%
un,
54%
deux
52%
Hasta
49%
hasta
49%
hasta
49%
Hasta
49%
luego,
49%
luego,
49%
luego,
49%
luego,
49%
ça fume
39%
fais-en
36%
fais-en
36%
pistés
28%
ouh,
24%
ouh,
24%
banalisées
14%
bam,
7%
bam
7%

Distribution des résultats

Percentile par nombre de réponses

% des personnes avec chaque résultat

Votre développement - résultats

Vous n’avez pas pris ce quiz